000 00717nam a22002177a 4500
942 _cBK
999 _c628
_d628
005 20250420134819.0
008 200813b ||||| |||| 00| 0 eng d
020 _a9781627052092
040 _cKCST
082 _a004.22
_bNo Op
100 _aNowatzki, Tony
_95123
245 _aOptimization and mathematical modeling in computer architecture /
_cTony Nowatzki
260 _a[San Rafael, Calif.] :
_bMorgan & Claypool Publishers
_c2014.
300 _a144 p.
440 _aSynthesis lectures in computer architecture
_n#26.
_95124
650 _aComputer architecture
_vMathematical models.
_95125
650 _aMathematical optimization.
_92401
650 _aInteger programming.
_95126
942 _2ddc